La piedra escrita / (Record no. 106079)

MARC details
000 -LEADER
campo de control de longitud fija 00745nam a2200229 i 4500
001 - NÚMERO DE CONTROL
campo de control 106079
003 - IDENTIFICADOR DE NÚMERO DE CONTROL
campo de control ES-MaACL
007 - CAMPO FIJO DE DESCRIPCIÓN FÍSICA--INFORMACIÓN GENERAL
campo de control de longitud fija t|
008 - DATOS DE LONGITUD FIJA--INFORMACIÓN GENERAL
campo de control de longitud fija 060925s1979 sp ||||1| spa d
020 ## - NÚMERO INTERNACIONAL ESTÁNDAR DEL LIBRO
Número Internacional Estándar del Libro 84-7039-318-9
080 ## - NÚMERO DE LA CLASIFICACIÓN DECIMAL UNIVERSAL
Número de la Clasificación Decimal Universal 821.134.2-14"19"
100 1# - ENTRADA PRINCIPAL--NOMBRE DE PERSONA
Nombre de persona Prados, Emilio,
Fechas asociadas al nombre 1899-1962
9 (RLIN) 93630
245 13 - MENCIÓN DEL TÍTULO
Título La piedra escrita /
Mención de responsabilidad, etc. Emilio Prados ; edición, introducción y notas de José Sanchís-Banús.
260 ## - PUBLICACIÓN, DISTRIBUCIÓN, ETC.
Lugar de publicación, distribución, etc. Madrid :
Nombre del editor, distribuidor, etc. Castalia,
Fecha de publicación, distribución, etc. [1979]
300 ## - DESCRIPCIÓN FÍSICA
Extensión 199 p. :
Otras características físicas il. ;
Dimensiones 18 cm.
490 1# - MENCIÓN DE SERIE
Mención de serie Clásicos Castalia ;
Designación de volumen o secuencia 89
500 ## - NOTA GENERAL
Nota general Biblioteca Juan Andrade.
700 1# - ENTRADA AGREGADA--NOMBRE PERSONAL
Nombre de persona Sanchís Banús, José.
9 (RLIN) 103010
830 0# - PUNTO DE ACCESO ADICIONAL DE SERIE-TÍTULO UNIFORME
Título uniforme Clásicos Castalia ;
Designación de volumen o secuencia 89
9 (RLIN) 178595
852 ## - LOCALIZACIÓN
Ubicación ES-MaACL
Número de control de estantería AND-803
Sublocalización o colección R.110098
Holdings
Estatus retirado Estado de pérdida Estado de daño No para préstamo Biblioteca de origen Biblioteca actual Ubicación en estantería Fecha de adquisición Fuente de adquisición Total de préstamos Signatura topográfica completa Código de barras Visto por última vez Precio de reemplazo Tipo de ítem Koha
        Biblioteca del Ateneo de Madrid Biblioteca del Ateneo de Madrid Depósito 2 17/01/2008     AND-803 1110741 23/02/2023 23/02/2023 Libro impreso